1738 1622 1020 1712 1600 1964 1973 1291 1838 1251 1678 1340 1650 1242 1282 1247 1978 1896 1281 1881 1037 1828 1840 1968 1347 1391 1076 1631 1618 1493 1563 1922 1609 1538 1424 1773 1262 1471 1719 1781 1658 1091 1903 1460 1595 1422 1694 1698 1159 1193 1655 1045 1566 1020 1956 1350 1973 1348 1163 1396 1762 1916 1160 1759 1850 1905 1918 1422 1466 1769 1243 1035 1560 1091 1192 1481 1305 1411 1010 1786 1121 1364 1639 1523 1228 1527 1410 1688 1947 1694 1265 1093 1572 1035 1674 1442 1511 1835 1593 BCNSPRNW ULIB Ver.6.0+V

เปลี่ยนเป็นภาษาไทย

Change to English
 แสดงรายละเอียดบรรณานุกรม
  กลับหน้าหลัก

Brief Record : Get Marc (ISO 2709) : E-mail record : QR code < ปิดหน้าต่าง
LEADER : 00000nam 2200000uu 4500
001    13399120925
003     ULIB
008    121026s2550||||th 000 0 tha d
020    ^a9749943082
020    ^a9789749943083
050  4 ^aHA62^bล246ส
100 0  ^aลัดดาวัลย์ เพชรโรจน์
245 10 ^aสถิติสำหรับการวิจัยและเทคนิคการใช้ SPSS :^bStatistics for research and SPSS application techniques /^cลัดดาวัลย์ เพชรโรจน์, สุภมาส อังศุโชติ, อัจฉรา ชำนิประศาสน์
246 31 ^aStatistics for research and SPSS application techniques
260    ^aกรุงเทพฯ :^bมิสชั่น มีเดีย จำกัด,^c2550
300    ^a271 หน้า :^bภาพประกอบ ;^c26 ซม. +^e1 ซีดีรอม
650  4 ^aวิจัย^xระเบียบวิธีทางสถิติ
650  4 ^aสถิติ^xโปรแกรมคอมพิวเตอร์
650  4 ^aเอสพีเอสเอส (โปรแกรมคอมพิวเตอร์)
700 0  ^aสุภมาส อังศุโชติ
700 0  ^aอัจฉรา ชำนิประศาสน์
945    ^p280^l0^i15383
995    ^aทศพร
999    ^aทศพร เกษรทอง
รายการนี้ยังไม่มีแท็ก
คุณยังไม่ได้ล็อกอิน คุณสามารถมีกิจกรรมร่วมกับเว็บไซต์ได้ แต่ต้องล็อกอินก่อน ::
  ล็อกอิน

รายการสื่อสารสนเทศ

ลำดับที่ ประเภท เลขเรียก/บาร์โค้ด สถานที่ สถานะ
1. วิทยาศาสตร์การแพทย์ และสุขภาพ
วิทยาศาสตร์การแพทย์ และสุขภาพ
HA62 ล246ส ฉ.1 
  Barcode: 15383
ห้องสมุดวิทยาเขตสวรรค์ประชารักษ์
►หนังสือทั่วไป
บนชั้น

รายการใกล้เคียง
    ผู้แต่ง [ลัดดาวัลย์ เพชรโรจน์]

    หัวเรื่อง [เอสพีเอสเอส (โปรแกรมคอมพิวเตอร์)]

BibComment


ยังไม่เคยถูกคอมเมนท์

คอมเมนท์ทรัพยากรรายการนี้
  คอมเมนท์: สถิติสำหรับการวิ..


 Copyright 2026. Bcnsprnw @Library